000 00634nam a22002057a 4500
999 _c7396
_d7396
003 OSt
005 20211026113228.0
008 211026b ||||| |||| 00| 0 eng d
020 _a9789352868599
040 _cDDC
082 _a006.76DEI 2018
100 _aDeitel,Paul; Deitel,Harvey; Deitel,Abbey;
_915148
245 _aInternet & World Wide Web.
_bHow To Program.
_cEdited by Deitel,Paul; Deitel,Harvey and Deitel,Abbey;
250 _a5th Ed.
260 _aIndia.
_bPearson.
_c2018.
300 _a962p;
_bill;
_c25cm
504 _aIncludes; Index.
650 _aInformation Communication Technology.
_915149
942 _2ddc
_cO_SHELF